عرض عادي
عرض مارك
- الأساليب الإدارية
مدخل مصطلح موضوعي
001 - رقم الضبط
- حقل الضبط: 20677
003 - معرف رقم الضبط
- حقل الضبط: OSt
005 - تاريخ ووقت أخر عملية
- حقل الضبط: 20130204173511.0
008 - عناصر بيانات ثابتة الطول
- حقل تحكم ثابت الطول: 130204|||a|||||| | ||| d
040 ## - مصدر الفهرسة
- هيئة الفهرسة الأصلية: OSt
- وكالة الكتابة: OSt
150 ## - مدخل-- مصطلح تاريخي
- عنصر مدخل المصطلح الموضوعي او الاسم الجغرافي: الأساليب الإدارية
670 ## - بيانات المصدر موجوده
- الاستشهاد بالمصدر: Work cat.: (OSt): الموسوي، منعم زمزير 20676, الأساليب الكمية وبحوث العمليات في الإدارة /, 2013
